000 00823nam a2200241 4500
003 OSt
005 20260530115319.0
008 260508b1996 |||||||| |||| 00| 0 spa d
020 _a9688592331
040 _aICI
_bspa
_cICI
_erda
041 _aspa
050 _aTS197.5
_bR63 1996
100 _aRobles Mac Farland, Marcela,
_eautor
_934206
245 _aDiseño grafico de envases :
_bguia y metodologia /
_cMarcela Robles Mac Ferland
264 _aMéxico, D.F. :
_b Universidad Iberoamericana, Departamento de Diseño,
_c1996
300 _a127 páginas :
_b ilustraciones
336 _2rdacontent
_atexto
337 _2rdamedia
_asin medio
338 _2rdacarrier
_avolumen
650 _aEnvases
_xDiseño
_934207
710 _aUniversidad Iberoamericana (Mexico).
_bDepartamento de Diseño
_934208
942 _2lcc
_n1
_cBK
999 _c13720
_d13720